02350nam a2200265Ia 4500003000400000005001700004008004100021020001500062040002100077041000800098082002700106100005400133245013800187260005000325300007700375500007400452504003800526505033700564520091200901650007101813700005201884942001201936999001501948952012101963OSt20210504114253.0210310s2005 ck ad gr 000 0dspa d a9583369845 aCO-JMCRcCO-JMCR0 aspa04a334.86126 /bA716e2231 aArboleda Álvarez, Olga Lucía, 915543eautora13aLa Economía Solidaria en Antioquia : bestado de arte 1960-2003 / cOlga Lucía Arboleda Álvarez, Hernando Emilio Zabala Salazar aMedellín : bFondo Editorial FUNLAM, c2005 a207 páginas : bilustraciones y gráficas a blanco y negro ; c23 cm. aIncluye notas a pie de página y datos biográficos de los autores. aBibliografía: páginas 201-2030 aMemoria metodológica -- Caracterización de la economía solidaria desde ámbitos temáticos identificados en fuentes documentales escritas -- Clasificación, análisis estadístico e interpretación de fuentes documentales escritas sobre economía solidaria en Antioquia -- Inventario de fuentes documentales analizadas 3 aEste texto, resultado de una revisión documental exhaustiva sobre la producción investigativa, teórica y metodológica existente sobre la economía solidaria en Antioquia, recupera sistemática y reflexivamente los aportes realizados en este campo. Por lo tanto, se presenta un diagnóstico acerca de los logros y vacíos en el estado actual del conocimiento y se proponen líneas y ámbitos que desde la investigación aporten a su desarrollo. Queda el convencimiento que la realización de este estudio contribuye al fortalecimiento del trabajo tanto en los escenarios académicos como organizacionales, especialmente en los del sector de la economía solidaria, ya que sus resultados se convierten en direccionadores de procesos investigativos y formaticos y en orientadores para la formulación de políticas y la dinamización de proceso autogestionarios y participativos exitosos.14aEconomía solidaria915545xInvestigacioneszAntioquia (Colombia)1 aZabala Salazar, Hernando Emilio, eautor937404 2ddccBK c7819d7819 00102ddc40708NFICaCPLbCPLd2018-04-15eDonacióno334.86126 / A716ep430003746r2024-05-16 00:00:00tEj.1yBK